<?xml version="1.0" encoding="UTF-8"?>
<record
    xmlns:xsi="http://www.w3.org/2001/XMLSchema-instance"
    xsi:schemaLocation="http://www.loc.gov/MARC21/slim http://www.loc.gov/standards/marcxml/schema/MARC21slim.xsd"
    xmlns="http://www.loc.gov/MARC21/slim">

  <leader>01099cam a22002653i 4500</leader>
  <controlfield tag="001">ltf89004620 </controlfield>
  <controlfield tag="003">DLC</controlfield>
  <controlfield tag="005">20260227111549.0</controlfield>
  <controlfield tag="008">900912s1902    ru            000 0druso </controlfield>
  <datafield tag="010" ind1=" " ind2=" ">
    <subfield code="a">ltf89004620 </subfield>
  </datafield>
  <datafield tag="040" ind1=" " ind2=" ">
    <subfield code="a">DLC</subfield>
    <subfield code="c">DLC</subfield>
    <subfield code="d">DLC</subfield>
  </datafield>
  <datafield tag="041" ind1="1" ind2=" ">
    <subfield code="a">rus</subfield>
    <subfield code="h">lat</subfield>
  </datafield>
  <datafield tag="050" ind1="0" ind2="0">
    <subfield code="a">Cyr4 PA 19</subfield>
  </datafield>
  <datafield tag="100" ind1="1" ind2=" ">
    <subfield code="a">Abelard, Peter,</subfield>
    <subfield code="d">1079-1142</subfield>
  </datafield>
  <datafield tag="240" ind1="1" ind2="0">
    <subfield code="a">Historia calamitatum.</subfield>
    <subfield code="l">Russian</subfield>
  </datafield>
  <datafield tag="245" ind1="1" ind2="0">
    <subfield code="a">Istor&#x12B;i&#x361;a moikh bi&#x361;edstv&#x12B;&#x12D; /</subfield>
    <subfield code="c">P&#x2B9;er Abeli&#x361;ar ; perevod s latinskago P.O. Morozova.</subfield>
  </datafield>
  <datafield tag="260" ind1=" " ind2=" ">
    <subfield code="c">S.-Peterburg :</subfield>
    <subfield code="b">Izdanie Kartograficheskago zaveden&#x12B;i&#x361;a A. Il&#x2B9;ina,</subfield>
    <subfield code="c">1902.</subfield>
  </datafield>
  <datafield tag="300" ind1=" " ind2=" ">
    <subfield code="a">lxii, 108 p. ;</subfield>
    <subfield code="c">21 cm.</subfield>
  </datafield>
  <datafield tag="440" ind1=" " ind2="0">
    <subfield code="a">Ri&#x361;ad istoricheskikh romanov</subfield>
  </datafield>
  <datafield tag="500" ind1=" " ind2=" ">
    <subfield code="a">"Pod redakt&#x361;s&#x12B;e&#x12D;, s vveden&#x12B;em i primi&#x361;echan&#x12B;i&#x361;ami professora A. Trachevskago."</subfield>
  </datafield>
  <datafield tag="500" ind1=" " ind2=" ">
    <subfield code="a">Advertisements for other works by Professor Trachevsk&#x12B;&#x12D; and for the series Ri&#x361;ad istoricheskikh romanov on back paper cover.</subfield>
  </datafield>
  <datafield tag="700" ind1="1" ind2=" ">
    <subfield code="a">Morozov, P. O.</subfield>
    <subfield code="q">(Petr Osipovich),</subfield>
    <subfield code="d">1854-1920.</subfield>
  </datafield>
  <datafield tag="700" ind1="1" ind2=" ">
    <subfield code="a">Trachevski&#x12D;, A. S.</subfield>
    <subfield code="q">(Aleksandr Semenovich),</subfield>
    <subfield code="d">1838-1906.</subfield>
  </datafield>
  <datafield tag="710" ind1="2" ind2=" ">
    <subfield code="a">Kartograficheskoe zaveden&#x12B;e A. Il&#x2B9;ina.</subfield>
  </datafield>
  <datafield tag="999" ind1=" " ind2=" ">
    <subfield code="c">37310</subfield>
    <subfield code="d">37310</subfield>
  </datafield>
</record>
